[Event "Riga RTU rapid op"]
[Site "Riga"]
[Date "2019.07.04"]
[Round "1"]
[White "Maltsevskaya, Aleksandra"]
[Black "Aizstrauts, Arturs"]
[Result "1-0"]
[WhiteElo "2321"]
[BlackElo "1746"]
[PlyCount "43"]
[EventDate "2019.07.04"]
[EventType "swiss (rapid)"]
[EventRounds "9"]
[EventCountry "LAT"]
[SourceTitle "EXT 2020"]
[Source "ChessBase"]
[SourceDate "2019.10.17"]
[SourceVersion "1"]
[SourceVersionDate "2019.10.17"]
[SourceQuality "1"]

1. Nf3 Nf6 2. g3 b5 3. Bg2 Bb7 4. d3 d6 5. 0-0 Nbd7 6. e4 e6 7. a4 b4 8. Nbd2 Be7 9. a5 c5 10. Nc4 d5 11. exd5 Bxd5 12. Bf4 0-0 13. Re1 Nh5 14. Bd2 Qc7 15. Nfe5 Bxg2 16. Kxg2 Nhf6 17. Qf3 Nxe5 18. Rxe5 Rad8 19. Bf4 Bd6 20. Nxd6 Qxd6 21. Rg5 Qd4 22. Be5 1-0

[Event "Panevezys op-A"]
[Site "Panevezys"]
[Date "2018.07.05"]
[Round "8"]
[White "Tsifanskaya, Ludmila A"]
[Black "Aizstrauts, Arturs"]
[Result "1-0"]
[WhiteElo "2048"]
[BlackElo "1627"]
[PlyCount "95"]
[EventDate "2018.06.29"]
[EventType "swiss"]
[EventRounds "9"]
[EventCountry "LTU"]
[SourceTitle "CBM 185 Extra"]
[Source "ChessBase"]
[SourceDate "2018.07.29"]
[SourceVersion "1"]
[SourceVersionDate "2018.07.29"]
[SourceQuality "1"]

1. e4 c5 2. Nf3 d6 3. d4 cxd4 4. Qxd4 Nc6 5. Bb5 Bd7 6. Bxc6 Bxc6 7. Nc3 Nf6 8. Bg5 Qa5 9. Bd2 Qc5 10. Qxc5 dxc5 11. e5 Nd7 12. 0-0-0 0-0-0 13. Rhe1 e6 14. Ng5 Nxe5 15. Rxe5 f6 16. Rxe6 fxg5 17. Bxg5 Rxd1+ 18. Kxd1 h6 19. Bf4 g5 20. Be5 Rh7 21. f3 Kd7 22. Rg6 a6 23. Ne4 Be7 24. Bf6 Bf8 25. Bc3 Bxe4 26. fxe4 Re7 27. e5 Re6 28. Rf6 Be7 29. Rf5 b5 30. g4 Kc6 31. Be1 Kd5 32. Bg3 Bd8 33. Rf7 Be7 34. Kd2 c4 35. c3 Ke4 36. Ke2 a5 37. Rh7 b4 38. Rf7 Kd5 39. Rf1 Kc5 40. Ke3 Kb5 41. Ke4 b3 42. axb3 cxb3 43. Kd5 Rc6 44. Rf7 Rc5+ 45. Kd4 Rc4+ 46. Kd3 Rc7 47. e6 Ra7 48. Bd6 1-0

[Event "Panevezys op-A"]
[Site "Panevezys"]
[Date "2018.07.03"]
[Round "6"]
[White "Golsta, Madara"]
[Black "Aizstrauts, Arturs"]
[Result "1-0"]
[WhiteElo "1761"]
[BlackElo "1627"]
[PlyCount "69"]
[EventDate "2018.06.29"]
[EventType "swiss"]
[EventRounds "9"]
[EventCountry "LTU"]
[SourceTitle "CBM 185 Extra"]
[Source "ChessBase"]
[SourceDate "2018.07.29"]
[SourceVersion "1"]
[SourceVersionDate "2018.07.29"]
[SourceQuality "1"]

1. c4 e5 2. Nc3 Nc6 3. Nf3 d6 4. g3 g6 5. Bg2 Bg7 6. 0-0 Nh6 7. d3 0-0 8. Bd2 f5 9. Qc1 Nf7 10. a3 a5 11. Rb1 e4 12. dxe4 fxe4 13. Nxe4 Bf5 14. Nh4 Nd4 15. Qd1 Be6 16. Be3 c5 17. Rc1 g5 18. Nf3 Nxf3+ 19. Bxf3 Bxb2 20. Rb1 Bxa3 21. Rxb7 g4 22. Bg2 Bxc4 23. Qa1 Bb4 24. Nf6+ Kh8 25. Nxg4+ Ne5 26. Nxe5 dxe5 27. Qxe5+ Qf6 28. Qxf6+ Rxf6 29. Rxb4 cxb4 30. Bxa8 Ra6 31. Bb7 Rd6 32. Bf4 Rd8 33. Rc1 Be6 34. Bc7 Rd7 35. Bc8 1-0

[Event "Panevezys op-A"]
[Site "Panevezys"]
[Date "2018.06.29"]
[Round "1"]
[White "Aizstrauts, Arturs"]
[Black "Jablokov, Dmitrij"]
[Result "0-1"]
[WhiteElo "1627"]
[BlackElo "1979"]
[PlyCount "62"]
[EventDate "2018.06.29"]
[EventType "swiss"]
[EventRounds "9"]
[EventCountry "LTU"]
[SourceTitle "CBM 185 Extra"]
[Source "ChessBase"]
[SourceDate "2018.07.29"]
[SourceVersion "1"]
[SourceVersionDate "2018.07.29"]
[SourceQuality "1"]

1. c4 c6 2. g3 d5 3. Nf3 Nf6 4. Bg2 Bf5 5. 0-0 e6 6. Qb3 Qb6 7. Nc3 Nbd7 8. d4 Qxb3 9. axb3 Bc2 10. Nd2 Bb4 11. e4 Bxc3 12. bxc3 Nxe4 13. Bxe4 Bxe4 14. Nxe4 dxe4 15. Re1 f5 16. Ba3 Kf7 17. Re2 Rhd8 18. Bd6 Nf6 19. Be5 Ng4 20. Bf4 Rd7 21. b4 e5 22. dxe5 Ke6 23. Ree1 g5 24. Bxg5 Nxe5 25. Kf1 Nf3 26. Be3 Nxe1 27. Kxe1 a6 28. Ra5 b5 29. Bd4 h5 30. h4 f4 31. gxf4 Kf5 0-1

[Event "LAT-chT"]
[Site "Riga"]
[Date "2018.06.09"]
[Round "1.2"]
[White "Kantane, Anna"]
[Black "Aizstrauts, Arturs"]
[Result "1-0"]
[WhiteElo "2264"]
[BlackElo "1627"]
[PlyCount "77"]
[EventDate "2018.06.09"]
[EventType "team-tourn"]
[EventRounds "11"]
[EventCountry "LAT"]
[SourceTitle "CBM 184 Extra"]
[Source "ChessBase"]
[SourceDate "2018.06.28"]
[SourceVersion "1"]
[SourceVersionDate "2018.06.28"]
[SourceQuality "1"]
[WhiteTeam "Riga Technical Univ"]
[BlackTeam "Rigas Saha School M"]
[WhiteTeamCountry "LAT"]
[BlackTeamCountry "LAT"]

1. e4 c5 2. Nf3 d6 3. d4 cxd4 4. Nxd4 Nf6 5. Nc3 a6 6. Be3 e6 7. f3 Be7 8. Qd2 b5 9. a4 b4 10. Na2 e5 11. Nf5 Bxf5 12. exf5 Nc6 13. Nxb4 Nxb4 14. Qxb4 d5 15. Bc5 Bxc5 16. Qxc5 Rc8 17. Qb4 Rc6 18. Bxa6 Rxc2 19. Bb5+ Nd7 20. Qd6 Qa5+ 21. b4 Qa7 22. Bxd7+ Qxd7 23. Qxe5+ Qe7 24. Qxe7+ Kxe7 25. 0-0 Kd6 26. Rf2 Rc4 27. Rb2 Rb8 28. b5 Kc5 29. Kf2 d4 30. Ke2 Rc3 31. a5 Re8+ 32. Kf2 d3 33. b6 Rc2+ 34. Rxc2+ dxc2 35. b7 Kb5 36. a6 Kb6 37. g4 Ka7 38. h4 Re5 39. Rc1 1-0

[Event "Panevezys op-C"]
[Site "Panevezys"]
[Date "2017.07.07"]
[Round "4"]
[White "Baraniuk, Andrej"]
[Black "Aizstrauts, Arturs"]
[Result "0-1"]
[WhiteElo "1539"]
[BlackElo "1205"]
[PlyCount "100"]
[EventDate "2017.07.06"]
[EventType "swiss"]
[EventRounds "9"]
[EventCountry "LTU"]
[SourceTitle "EXT 2018"]
[Source "ChessBase"]
[SourceDate "2017.10.13"]
[SourceVersion "1"]
[SourceVersionDate "2017.10.13"]
[SourceQuality "1"]

1. e4 d6 2. d4 Nf6 3. Nc3 Nbd7 4. Nf3 e5 5. dxe5 dxe5 6. Bg5 Be7 7. Bc4 c6 8. a4 Qc7 9. 0-0 h6 10. Bh4 Nf8 11. Bg3 Ng6 12. h3 0-0 13. Qe2 Nh5 14. Kh2 Nhf4 15. Qe1 Bb4 16. Qe3 b6 17. Nh4 Bc5 18. Qc1 Nxh4 19. Bxh4 Bxh3 20. Rg1 Qc8 21. Qf1 Bxg2 22. Rxg2 Qh3+ 23. Kg1 Nxg2 24. Qxg2 Qxh4 25. Kf1 Rad8 26. Bd3 Rd7 27. Ke2 Rfd8 28. Rh1 Qf6 29. f3 Qg5 30. Qxg5 hxg5 31. Nd1 b5 32. axb5 cxb5 33. Ne3 Bxe3 34. Kxe3 a6 35. Ra1 Rd6 36. Rg1 Rg6 37. Rg2 Rdd6 38. Rg1 Rdf6 39. Rg2 Rf4 40. b4 g4 41. Be2 gxf3 42. Bxf3 Rxf3+ 43. Kxf3 Rxg2 44. Kxg2 g6 45. Kg3 f5 46. Kf3 Kf7 47. c3 Kf6 48. exf5 Kxf5 49. Ke3 g5 50. Kf3 g4+ 0-1